000 00371nam a22001451a 4500
082 _aH2
_bASH/A
100 _aAsha Gupta
245 _aAalha khand ( 19 vi shathi : prakashanom mein katha vaividhya)/
_cby Asha Gupta
260 _aNew Delhi:
_bVani,
_c1999.
300 _a389p.
650 _aDrama Hindi
650 _aLiterature Hindi
650 _aLiterature
942 _cBK
999 _c405
_d405